| 000 | 00717nam a2200157 a 4500 | ||
|---|---|---|---|
| 008 | 060816s2005 xx |||||||||||||| || u | ||
| 050 | _aTHESIS | ||
| 100 | _aKasaro, Deuteronomy | ||
| 245 | 1 | 0 |
_aPotential and limitations of indigenous knowledge in the harvesting of medicinal plants to enhance forest resource management _cthesis supervied by Royd Vinya |
| 260 |
_a _bCopperbelt University, School of Natural Resources _c2005 |
||
| 350 | _a0.00 | ||
| 650 | _aMEDICINAL PLANTS--ZAMBIA | ||
| 650 | _aIndigenous knowledge - Zambia | ||
| 650 | _aFORESTRY | ||
| 995 |
_D0.00 _FCBU-MAIN LIBRARY (Kitwe) _H1 _I0.00 _M1 _UAVAILABLE _WAug 16, 2006 _ZUniversity Collection |
||
| 999 |
_c54074 _d54074 |
||